[Event "Faxe EMT"]
[Site "Faxe"]
[Date "2001.03.28"]
[Round "2"]
[White "Hansen, Mogens Egon"]
[Black "Nielsen, Poul Erik2222"]
[Result "0-1"]
[WhiteElo "1363"]
[BlackElo "1399"]
[PlyCount "118"]
[EventDate "2001.03.21"]
[EventType "swiss"]
[EventRounds "7"]
[EventCountry "DEN"]
[SourceTitle "EXT 2023"]
[Source "ChessBase"]
[SourceDate "2022.10.05"]
[SourceVersion "1"]
[SourceVersionDate "2022.10.05"]
[SourceQuality "1"]

1. c4 c5 2. Nc3 Nc6 3. Nf3 Nf6 4. d4 cxd4 5. Nxd4 a6 6. a3 d6 7. g3 e5 8. Nxc6 bxc6 9. Bg2 Bd7 10. 0-0 Rc8 11. e4 Be6 12. Qd3 Be7 13. f3 0-0 14. Be3 Qc7 15. Rfb1 Rfd8 16. b3 d5 17. exd5 cxd5 18. cxd5 Qxc3 19. Qxc3 Rxc3 20. dxe6 Rxe3 21. exf7+ Kxf7 22. b4 Rdd3 23. a4 Rb3 24. b5 axb5 25. a5 Bc5 26. Rxb3 Rxb3+ 27. Kf1 Ra3 28. Rxa3 Bxa3 29. a6 Nd7 30. Ke1 Bc5 31. Bf1 b4 32. Kd1 Ke7 33. Kc2 Kd6 34. Kb3 Kc6 35. Ka4 Kb6 36. Bd3 Nb8 37. Bxh7 Nxa6 38. f4 exf4 39. gxf4 Bd6 40. f5 Bxh2 41. Bg8 Bd6 42. Kb3 Kc5 43. Bf7 Nc7 44. Bc4 Kd4 45. Bg8 Ke5 46. Bh7 Nd5 47. Bg8 Ne7 48. Bh7 Nxf5 49. Kc4 g5 50. Bg8 g4 51. Kd3 g3 52. Ke2 Kf4 53. Kf1 Nd4 54. Kg2 b3 55. Bxb3 Nxb3 56. Kg1 Kg4 57. Kg2 Nd4 58. Kf1 Kh3 59. Kg1 g2 0-1